000 00519cam a2200205ua 4500
001 11699
005 20260515114804.0
008 191019n ii |||gr||||Z||||||eng
020 _a9789350535851
040 _cMAIN
082 _a336.27140954
100 _aVikram G.singh,
_eAuthor.
245 _aIndian economy and GST
_cBy Vikram G.Singh
250 _a1st ed.
260 _aNew Delhi:
_bCyber tech publication,
_c2017.
300 _a224p.
653 _aPublic finance
653 _aIndian Ecomomy
942 _cBK
999 _c10492
_d10492